| 000 | 01001nam a22003377a 4500 | ||
|---|---|---|---|
| 001 | BR0903870 | ||
| 003 | BR-BrBNA | ||
| 005 | 20230928103048.0 | ||
| 007 | ta | ||
| 008 | 230509b bl.||||| |||| 00| 0 por d | ||
| 040 |
_aBR-BrBNA _bpor _cBiblioteca Nacional de Agricultura |
||
| 041 | _a(Por) | ||
| 072 |
_aL02; L53 _b5249 |
||
| 090 | _ 5249 BR0903870 | ||
| 100 | 1 | _aAssis, R. de M. | |
| 110 | 1 |
_aUniversidade Federal de Lavras, MG (Brasil) _0Tese (Doutorado) |
|
| 245 | 1 | _aManejo de mamada de cordeiros: desempenho e retorno da atividade ovariana cíclica pós-parto | |
| 260 | 3 |
_aLavras, MG (Brasil): _c2009. |
|
| 300 | _a87 p. | ||
| 500 | _aSummaries (Eng, Por); Several bibliography; 36 tables; 8 illus. | ||
| 650 | _aCORDEIRO | ||
| 650 | _aALEITAMENTO | ||
| 650 | _aMANEJO | ||
| 650 | _aPERFORMANCE | ||
| 650 | _aGANHO DE PESO | ||
| 650 | _aPROGESTERONA | ||
| 650 | _aCICLO ESTRAL | ||
| 650 | _aREPRODUÇÃO ANIMAL | ||
| 909 |
_a202309 _bLucia _c55 _dLucia Elande |
||
| 942 | _cBK | ||
| 999 |
_c73551 _d73551 |
||